| 000 | 02460cad a22003255a 4500 | ||
|---|---|---|---|
| 001 | L159303 | ||
| 005 | 20260317111649.0 | ||
| 008 | 160603e2016 xxk 000 0 eng u | ||
| 020 | _a9781783211418 | ||
| 035 | _a(Sirsi) u159303 | ||
| 041 | 0 | _aeng | |
| 050 | 0 | 4 | _a333.33 $2 18 |
| 110 | 2 |
_aRoyal Institution of Chartered Surveyors _94900 |
|
| 245 | 0 | 0 |
_aService charge residential management code _band additional advice to landlords, leaseholders and agents _h[electronic resource] |
| 250 | _a3rd ed. | ||
| 260 |
_aLondon, _bRICS, _c2016 |
||
| 490 | _aRICS code of practice | ||
| 520 | _aThis Code has been approved by the Secretary of State and is effective from 1 June 2016. It applies only to residential leasehold properties in England but practitioners operating in other parts of the UK are encouraged to follow the best practice guidelines contained in the Code. This Code has been prepared to promote desirable practices in respect of the management of residential leasehold property. Successful management can only be achieved through cooperation and a mutual understanding of the procedures necessary for the effective management of property as well as of the problems that can arise. It is intended to be read by landlords, leaseholders, managing agents, managers and occupiers of leasehold property. Although most of the Code is aimed directly at managing agents of residential leasehold property, parts are specifically intended for other parties such as owners and professional advisers. Whilst there are cost implications of managing residential properties to the standard specified by this Code, the benefits in terms of improved service and the level of satisfaction should make any additional cost worthwhile in the long run. A managing agent should provide a compliant, transparent and value for money service. | ||
| 520 | _aSupersedes 2nd edition (ISBN 9781842191682) | ||
| 520 | _aSuperseded by 4th edition from 7th April 2026 (ISBN 9781783215522) | ||
| 521 | _aAdvanced | ||
| 590 | _aKA | ||
| 650 | 2 | 4 | _aLEASEHOLD REFORM, HOUSING AND URBAN DEVELOPMENT ACT 1993 S87 |
| 650 | 2 | 4 | _aCOMMONHOLD AND LEASEHOLD REFORM ACT 2002 |
| 651 | 4 |
_aEngland _y886- |
|
| 690 |
_aLandlord and tenant _96252 |
||
| 690 |
_aResidential property _96266 |
||
| 856 | 4 | 1 |
_uhttps://www.rics.org/content/dam/ricsglobal/documents/standards/Service_Charge_Residential_Management_Code_3rd_edition.pdf _zView the 3rd edition here |
| 942 |
_n0 _2ddc |
||
| 999 |
_c115790 _d115790 |
||